Reglamento general para la dirección y gobierno de las Reales Fábricas de cristales establecidos en San Ildefonso por cuenta de S.M. (Record no. 1532)

MARC details
000 -CABECERA
campo de control de longitud fija 00644nam a2200181 a 4500
001 - NÚMERO DE CONTROL
campo de control BRCA_1748
005 - FECHA Y HORA DE LA ÚLTIMA TRANSACCIÓN
campo de control 20190320203531.0
008 - DATOS DE LONGITUD FIJA--INFORMACIÓN GENERAL
campo de control de longitud fija 200508s----1990sp-#---###---#000-0#spa-#
020 ## - NÚMERO INTERNACIONAL ESTÁNDAR DEL LIBRO
Número Internacional Estándar del Libro 8440464088
050 #4 - SIGNATURA TOPOGRÁFICA DE LA BIBLIOTECA DEL CONGRESO
Número de clasificación NK5114
Número de documento/Ítem .R44 1990
245 10 - MENCIÓN DE TÍTULO
Título Reglamento general para la dirección y gobierno de las Reales Fábricas de cristales establecidos en San Ildefonso por cuenta de S.M.
260 ## - PUBLICACIÓN, DISTRIBUCIÓN, ETC.
Lugar de publicación, distribución, etc. Madrid
Nombre del editor, distribuidor, etc. Fundación Centro Nacional del Vidrio
Fecha de publicación, distribución, etc. 1990
300 ## - DESCRIPCIÓN FÍSICA
Extensión 60 p.
Dimensiones 27 cm.
500 ## - NOTA GENERAL
Nota general Facsímil de : 1787
650 14 - PUNTO DE ACCESO ADICIONAL DE MATERIA--TÉRMINO DE MATERIA
Término de materia o nombre geográfico como elemento de entrada Vidrio
Subdivisión de forma Reglamentos
Subdivisión geográfica Nueva España
9 (RLIN) 5453
650 14 - PUNTO DE ACCESO ADICIONAL DE MATERIA--TÉRMINO DE MATERIA
Término de materia o nombre geográfico como elemento de entrada Fábricas de vidrio
Subdivisión general Historia
Subdivisión geográfica México
9 (RLIN) 5454
942 ## - ELEMENTOS DE PUNTO DE ACCESO ADICIONAL (KOHA)
Fuente del sistema de clasificación o colocación Library of Congress Classification
Tipo de ítem Koha Libros
Holdings
Estado de retiro Estado de pérdida Estado dañado No para préstamo Localización permanente Ubicación/localización actual Fecha de adquisición Total de préstamos Signatura topográfica completa Código de barras Fecha visto por última vez Precio válido a partir de Tipo de ítem Koha
El ejemplar forma parte de la colección y puede ser consultado según las políticas vigentes.       Biblioteca del Museo Franz Mayer (Rogerio Casas-Alatriste) Biblioteca del Museo Franz Mayer (Rogerio Casas-Alatriste) 27/06/2008   NK5114 .R44 1990 02377 22/03/2019 22/03/2019 Libros